Dokumentárne inkaso v medzinárodnom platobnom styku

Bibliographic Details
Main Author: Vokorokosová, Renáta, 1967- (Author)
Format: Book
Language:Slovak
PhysicalDescription:97 strán schémy 20 cm
Published: Bratislava Ekonóm 2002
ISBN:8022515744
Edition:1. vyd.
Subjects:

MARC

LEADER 00000cam a2200000 a 4500
001 vtls001466620
003 SK-MaSNL
005 20260301121810.0
008 220422s2002 xo l frnp 00000 slo
015 |a SNBA2004/05-02940 
020 |a 8022515744  |q (brožované) 
035 |a SNK000421925 
035 |a 7011AA4F-DA5F-480F-8127-E9176028AA5A 
035 |a urn:nbn:sk:snk-am00g7ib 
035 |a urn:nbn:sk:snk-am3iz46 
040 |a SNK  |b slo  |c SNK  |e AACR2 
041 0 |a slo 
043 |a e-xo--- 
044 |a xo  |c SK 
072 7 |a 339.7/.9  |x Svetová ekonomika a medzinárodné financie  |2 konspekt 
072 7 |a 37.016  |x Učebné osnovy. Vyučovacie predmety. Učebnice  |2 konspekt 
072 7 |a 339.5  |x Zahraničný obchod. Medzinárodný obchod  |2 konspekt 
080 |a 658.88  |2 2001 
080 |a 336.717  |2 2001 
080 |a (075.8)  |2 2011 
080 |a 339.5  |2 2011 
100 1 |a Vokorokosová, Renáta,  |d 1967-  |4 aut  |9 24098 
245 1 0 |a Dokumentárne inkaso v medzinárodnom platobnom styku  |c Renáta Vokorokosová 
250 |a 1. vyd. 
260 |a Bratislava  |b Ekonóm  |c 2002 
300 |a 97 strán  |b schémy  |c 20 cm 
366 |e 100 kusov 
500 |a Vydala Ekonomická univerzita v Bratislave, Podnikovohospodárska fakulta v Košiciach, Katedra manažmentu 
504 |a Bibliografia na strane 95-97 
650 0 7 |a dokumentárne inkaso  |2 SNKPH  |9 466431 
650 0 7 |a medzinárodné platby  |2 SNKPH  |9 466432 
650 0 7 |a inkaso  |2 SNKPH  |9 90514 
650 0 7 |a platobný styk  |2 SNKPH  |9 3664 
650 0 7 |a zahraničný obchod  |2 SNKPH  |9 2200 
655 7 |a učebnice vysokých škôl  |2 SNKPH  |9 70191 
710 2 |a Ekonomická univerzita v Bratislave.  |b Podnikovohospodárska fakulta v Košiciach.  |b Katedra manažmentu  |4 pbl  |9 156999 
919 |a 80-225-1574-4 
958 |a TL 
958 |a NB 
958 |a UV 
958 |a OND 
999 |c 730658  |d 732588 
952 |t P60, <03>, [BOOK], {603}  |a SNK  |b SNK  |y PREZ  |7 0  |p 17A0411283  |o snkSC 114415  |i snkKSP 1415/2004  |0 0  |1 0  |4 0  |d 2004-01-20  |f 1  |l 0  |r 2025-10-03 00:00:00  |w 2026-02-23 
952 |t snkVOK 336   |a SNKUST  |b SNKUST  |y PREZ  |7 0  |p 17A0411284  |o snkSC 114415 D1  |i snkKSP 1416/2004  |8 0  |0 0  |1 0  |4 0  |d 2004-01-20  |l 0  |r 2025-05-29 00:00:00  |w 2026-02-23